| 000 | 00730nam a2200205Ii 4500 | ||
|---|---|---|---|
| 003 | JO-AjNU | ||
| 008 | 230605s9999||||xx |||||||||||||| ||und|| | ||
| 017 | _a1995/11/1256 | ||
| 040 |
_aJO-AjNU _bara _erda _cJO-AjNU |
||
| 041 | _aara | ||
| 050 | 1 | 4 | _aTH7703.H35 1996 |
| 100 | 3 |
_aحماد، رزق نمر شعبان, _eauthor _99626 |
|
| 245 | 0 | 0 | _aالاضاءة النهارية والصناعية في العمارة |
| 264 | 3 | 1 | _aعمان : المركز العربي ، 1996 |
| 300 |
_a263ص _bملحق من 239-263/صورتوضيحية |
||
| 336 |
_atext _btxt _2rdacontent |
||
| 337 |
_aunmediated _bn _2rdamedia |
||
| 338 |
_avolume _bnc _2rdacarrier |
||
| 650 | 4 |
_aالانارة-الهندسة الكهربائية _99627 |
|
| 999 |
_aA1397 _c4965 _d4965 |
||